00504 2200205 4500001002100000008004100021035002000062245006200082100001900144250000600163260003400169300001100203084001400214082000800228650001400236990001200250990001200262990001200274990001200286INLIS000000000000584 ind  a0010-0424000560 aSeri Pahlawan Nasional; Jenderal SoedirmancWahjudi Djaja aDjaja, Wahjudi a1 aKlaten :bCempaka Putihc2009 a64 hlm a900 WAH s a900 aNon Fiksi a0722368 a0722369 a0722370 a0722371